01725nam a2200289 a 4500001001000000005001700010008004100027041000800068044000700076050002000083100004500103245009500148260004800243300002400291440004200315500031200357500030800669500010500977500001001082650005201092650005601144650003401200650004501234700005501279700005101334740005001385BRCA_259720190320203901.0281108s1879----sp-a---###---#000-0dspa-u aspa asp 4a179b.G39c18791 aCervantes Saavedra, Miguel ded1547-161610aEl Ingenioso Hidalgo Don Quijote de la Manchaccompuesto por Miguel de Cervantes Saavedra. aMadridbLibreria e imprenta de Gasparc1879 a540 p.bil.c28 cm. 0aBiblioteca ilustrada de Gaspar y Roig aContenido : Primera parte. Escudo de la edición príncipe. Dedicatoria del autor. Nota de los editores. Retrato de Cervantes. Prólogo del autor. Versos preliminares. Texto. Segunda parte. Dedicatoria del autor. Prólogo del autor. Vida de Cervantes. Buscapié. Prólo y notas por A. de Castro. Texto aEdición : Novisima edición con notas historia, crítica y gramatica de la Academia Española, Pellicer, Arrieta, Clemancín, Cuesta, Janer, etc. Aumentada con El Buscapié anotada por A. de Castro, adornado con 300 grabados intercalados, láminas sueltas y el retrato del autor grabado en acero aEjemplar enteramente igual al LO-179. Semipiel; lomera decorada con filetes dorados Lúdovik Osterc aQM17814aNovela españolayÉpoca clásica, 1500-170014aLiteratura españolayÉpoca clásica, 1500-170014aNovela españolaySiglo XVII14aDon Quijote (Personaje ficticio)eNovela1 aBuenaventura, Carlos Aribaud1798-1862eBiógrafo1 aCastro y Rossi, Adolfo ded1823-1898eAnotador0 aEl Ingenioso Hidalgo Don Quijote de la Mancha